000 00633nam a22002417a 4500
003 UA-OsUOA
001 27366
007 ta
008 20040625b un ||||| |||| 00| 0 ukr d
100 _aКрючкова В.А.
090 _a7.036
_bК78
942 _cBK
040 _aUA-OsUOA
_brus
_cUA-OsUOA
_dUA-OsUOA
245 _aСоциология искусства и модернизм
300 _a216 с.
_bІлюстрації
955 _a2
041 _arus
080 _a7.036
260 _aМосква
_bИзобразительное искусство
_c1979
044 _aRU
650 7 _2UDC
999 _c313710
_d313710